000 00772nam a2200253 a 4500
005 20240912063912.0
008 011113s1998 es r 000 0 spa d
020 _a8478271155
035 _aUPN01000113909
049 _aCG
050 4 _aLB2396
_bA7.7 1998
100 1 _aArnaiz, Pere
245 1 3 _aLa tutoría, organización y tareas /
_cPere Arnaiz, Sofía Isús.
250 _a4a ed.
260 _aBarcelona [Esp.] :
_bGraó,
_c1998.
300 _a120 p.
440 0 _aBiblioteca de aula ;
_v122.
_pTutoría
590 _a(También localizas un ejemplar en el "Area de Reserva")
590 _aBibliografía Básica (BGTQ)
650 4 _aTutores (Educación)
_95717
650 4 _aDinámica de grupos
_96712
700 1 _aIsús, Sofía,
_ecoaut.
905 _aLibro
999 _c87817
_d87817